Iconic Cars - 2000s [Picture Click] Quiz Stats

 Plays Quiz not verified by Sporcle

Score 0/12 Timer 04:00
4 Plays Today
% Correct
Audi TT
95.9%
Ferrari Enzo
89.9%
Toyota Prius XW20
85.4%
Subaru Impreza WRX STI Sedan
85.1%
Smart Fortwo
84.5%
Mercedes-Benz SLR McLaren
84.1%
Chrysler 300C
83.4%
Morgan Aero 8
82.5%
Porsche 911 GT3
80.9%
Bugatti Veyron EB 16.4
78.7%
Nissan GT-R
77.1%
Bentley Continental GT
72.3%

You're not logged in!

Compare scores with friends on all Sporcle quizzes.
OR
Log In

Show Comments

Extras

Top Quizzes Today


Score Distribution

Your Account Isn't Verified!

In order to create a playlist on Sporcle, you need to verify the email address you used during registration. Go to your Sporcle Settings to finish the process.

Report this User

Report this user for behavior that violates our Community Guidelines.

Details: